Deutschland: Geografie mit C - Statistiken

Allgemein
  • Dieses Quiz wurde 557 mal gespielt
  • Das Durchschnittsergebnis liegt bei 9 aus 16
Antwortstatistiken
Hinweis Antwort % Korrekt
Sächsische Stadt, die früher Karl-Marx-Stadt hieß Chemnitz
98%
Größter See in Bayern Chiemsee
96%
Der Fußballclub FC Energie aus dieser Stadt spielte insgesamt sechs Jahre lang in der 1. Bundesliga Cottbus
84%
Ehemaliger Grenzübergang zwischen Ost- und West-Berlin in der Friedrichstraße, heute eine beliebte Sehenswürdigkeit Checkpoint Charlie
81%
Berliner Stadtteil, der zusammen mit Wilmersdorf einen Bezirk bildet und für sein großes Schloss bekannt ist Charlottenburg
73%
Stadt im Ruhrgebiet, die 1926 aus dem Zusammenschluss von zwei Städten entstand und deshalb einen Doppelnamen trägt Castrop-Rauxel
61%
Unter den mit C beginnenden Städten Deutschlands die einzige, bei der das C wie Z ausgesprochen wird Celle
58%
Region um den oben gesuchten See am Rand der Alpen Chiemgau
57%
Stadt an der Mündung der Elbe in die Nordsee, die bis 1937 zu Hamburg gehörte Cuxhaven
54%
Wichtige Straße in Berlin-Mitte mit einem französischen Namen, die auch auf dem Monopoly-Brett zu finden ist {Chaussee}straße
52%
Ende des 18. Jahrhunderts errichteter Turm im Englischen Garten in München {Chinesischer} Turm
41%
An der Mosel gelegene Stadt, die mit knapp über 5000 Einwohnern die kleinste Kreisstadt Deutschlands ist Cochem
40%
Kreisstadt in Baden-Württemberg, in der Hermann Hesse geboren wurde Calw
36%
Stadtteil im Norden Kölns, dessen Hochhaussiedlungen teilweise zu sozialen Brennpunkten geworden sind Chorweiler
30%
1924 erbautes Backsteingebäude im Hamburger Kontorhausviertel, dessen Form an einen Schiffsbug erinnert {Chile}haus
20%
Stadtteil im Süden Leipzig, der sich zu einem Szeneviertel entwickelt hat Connewitz
19%
Keine übereinstimmenden Quizze gefunden
Verteilung der Resultate
Anzahl Personen mit jedem Resultat
Perzentil nach korrekt beantworteten Fragen
Ihre Resultats-Entwicklung
Sie haben dieses Quiz noch nicht gespielt